Trade policy review. The Republic of Kenya.
Saved in:
| New Title: | Trade policy review. Kenya |
|---|---|
| Corporate Author: | |
| Format: | Serial |
| Language: | English |
| Published: |
Geneva :
General Agreement on Tariffs and Trade,
1994.
|
| Subjects: | |
| Tags: |
Add Tag
No Tags, Be the first to tag this record!
|
| LEADER | 01229cas a2200361 a 4500 | ||
|---|---|---|---|
| 001 | 004200437-3 | ||
| 005 | 20020606095253.2 | ||
| 008 | 940518d19941994sz uu i0 a0eng d | ||
| 010 | |a 94641163 |z sn 94043367 | ||
| 022 | |y 1014-7411 | ||
| 035 | 0 | |a ocm30457862 | |
| 035 | 0 | |a ocm30412209 | |
| 040 | |a DBI |c DBI |d WAU |d AGL |d DLC |d HUL |d DLC |d IUL |d GUA |d HVL | ||
| 042 | |a lc | ||
| 043 | |a f-ke--- | ||
| 050 | 0 | 0 | |a HF1612.5 |b .T73 |
| 082 | 0 | 0 | |a 382/.3/09676205 |2 20 |
| 130 | 0 | |a Trade policy review. |p Republic of Kenya. | |
| 245 | 0 | 0 | |a Trade policy review. |p The Republic of Kenya. |
| 246 | 3 | 0 | |a Republic of Kenya |
| 246 | 1 | 4 | |a Trade policy review. |p Kenya |
| 260 | |a Geneva : |b General Agreement on Tariffs and Trade, |c 1994. | ||
| 300 | |a 2 v. : |b ill. ; |c 30 cm. | ||
| 362 | 0 | |a 1994. | |
| 515 | |a Issue for 1994 published in 2 vols. | ||
| 580 | |a Issued also in Spanish and French editions. | ||
| 650 | 0 | |a Foreign trade regulation |z Kenya |v Periodicals. | |
| 651 | 0 | |a Kenya |x Commercial policy |v Periodicals. | |
| 651 | 0 | |a Kenya |x Commerce |v Periodicals. | |
| 710 | 2 | |a General Agreement on Tariffs and Trade (Organization) | |
| 785 | 0 | 0 | |t Trade policy review. Kenya |w (DLC) 00236469 |w (OCoLC)44459140 |
| 988 | |a 20020608 | ||
| 906 | |0 OCLC | ||


